000 00642nam a2200241 i 4500
001 C2-0139125
003 PPAK
005 20180727124623.0
008 971221s1991 nyua|||| ||||| | eng d
020 _a0689504675
040 _aPPAK
_beng
_cPPAK
_erda
082 0 4 _a591
_223
090 0 0 _a591
_bARN
_dK
100 1 _aArnold, Tim,
_eauthor
245 1 0 _aNatural history from A to Z
264 1 _aNew York :
_bMcElderry ,
_c1991
300 _a58 pages :
_billustrations ;
_c27 cm
336 _2rdacontent
_atext
337 _2rdamedia
_aunmediated
338 _2rdacarrier
_avolume
650 1 0 _aAnimals - Dictionaries
942 _ddc
_cB
999 _c43404
_d43404